00418nam a2200169Ia 4500003000400000005001700004008004100021040001600062082001500078100002000093245005100113260003800164300000800202650001000210650000900220650001900229GCL20240530100245.0140319s9999 xx 000 0 eng d aGCL / cGCL04a782.1bB O1 aBROOKE, STEPHEN10aOPERA: A PENGUIN ANTHOLOGY / cBROOKE, STEPHEN a[S.N] : bPENGUIN GROUP ، c1996 a52004aOPERA04aARTS04aDRAMATIC VOCAL